The C# programming language / (Record no. 25052)
[ view plain ]
| 000 -LEADER | |
|---|---|
| fixed length control field | 00644nam a2200229 a 4500 |
| 005 - DATE AND TIME OF LATEST TRANSACTION | |
| control field | 20140310183557.0 |
| 008 - FIXED-LENGTH DATA ELEMENTS--GENERAL INFORMATION | |
| fixed length control field | 111119s19uu xx 00 eng d |
| 020 ## - INTERNATIONAL STANDARD BOOK NUMBER | |
| International Standard Book Number | 9780321562999 |
| 050 ## - LIBRARY OF CONGRESS CALL NUMBER | |
| Classification number | QA 76.73.C154 |
| Item number | .H45 2009 |
| 100 ## - MAIN ENTRY--PERSONAL NAME | |
| Personal name | Hejlsberg, Anders |
| 245 ## - TITLE STATEMENT | |
| Title | The C# programming language / |
| Statement of responsibility, etc | Anders Hejlsberg, et al. |
| 250 ## - EDITION STATEMENT | |
| Edition statement | 3rd ed. |
| 260 ## - PUBLICATION, DISTRIBUTION, ETC. (IMPRINT) | |
| Place of publication, distribution, etc | New Jersey : |
| Name of publisher, distributor, etc | Addison-Wesley, |
| Date of publication, distribution, etc | 2009. |
| 300 ## - PHYSICAL DESCRIPTION | |
| Extent | 754 p. : |
| Other physical details | ill. ; |
| Dimensions | 24 cm. |
| 521 ## - TARGET AUDIENCE NOTE | |
| Target audience note | |
| 650 ## - SUBJECT ADDED ENTRY--TOPICAL TERM | |
| Topical term or geographic name as entry element | C# (Computer program language) |
| 700 ## - ADDED ENTRY--PERSONAL NAME | |
| Personal name | Torgesen, Mads |
| 700 ## - ADDED ENTRY--PERSONAL NAME | |
| Personal name | Wiltamuth, Scott |
| 700 ## - ADDED ENTRY--PERSONAL NAME | |
| Personal name | Golde, Peter |
| 942 ## - ADDED ENTRY ELEMENTS (KOHA) | |
| Koha item type | Books |
| Source of classification or shelving scheme | Library of Congress Classification |
| Call number prefix | Foreign |
| Withdrawn status | Lost status | Source of classification or shelving scheme | Damaged status | Home library | Current library | Shelving location | Date acquired | Source of acquisition | Total Checkouts | Total Renewals | Full call number | Barcode | Date last seen | Date checked out | Copy number | Price effective from | Koha item type |
|---|---|---|---|---|---|---|---|---|---|---|---|---|---|---|---|---|---|
| Library of Congress Classification | College Library | College Library | General Circulation Section | 11/19/2011 | Donation | 2 | 4 | QA 76.73.C154 .H45 2009 | C14136 | 11/09/2023 | 10/24/2023 | 1 | 03/10/2014 | Books |